Zodpovednosť za škodu spôsobenú pri výkone verejnej moci

Zákon č. 514/2003 Z.z. v znení zákona č. 215/2007 Z.z. o zodpovednosti za škodu spôsobenú pri výkone verejnej moci. Čo právna norma rieši? Základné pojmy. Zodpovednosť štátu za škodu spôsobenú pri výkone verejnej moci. Zodpovednosť územnej samosprávy za škodu spôsobenú pri výkone samosprávy. Predbež...

Ausführliche Beschreibung

Gespeichert in:
Bibliographische Detailangaben
1. Verfasser: Tichý, Miroslav
Format: Buchkapitel
Sprache:Slowakisch
Schlagworte:
Tags: Tag hinzufügen
Keine Tags, Fügen Sie das erste Tag hinzu!

MARC

LEADER 00000naa$a2200000$$$4500
001 0073125
005 20231013072011.5
041 0 |a slo 
044 |a SK 
245 1 0 |a Zodpovednosť za škodu spôsobenú pri výkone verejnej moci  |c Miroslav Tichý 
520 |a Zákon č. 514/2003 Z.z. v znení zákona č. 215/2007 Z.z. o zodpovednosti za škodu spôsobenú pri výkone verejnej moci. Čo právna norma rieši? Základné pojmy. Zodpovednosť štátu za škodu spôsobenú pri výkone verejnej moci. Zodpovednosť územnej samosprávy za škodu spôsobenú pri výkone samosprávy. Predbežné prerokovanie nároku. Spôsob a rozsah náhrady škody. Lehoty. Regresná náhrada. 
610 2 0 |a zodpovednosť za škody 
610 2 0 |a moc verejná 
610 2 0 |a samospráva 
610 2 0 |a náhrada škody 
610 2 0 |a zákony 
100 1 |a Tichý, Miroslav